Совершенствование нормативной базы оперативного планирования в сталеплавильных цехах

التفاصيل البيبلوغرافية
المؤلف الرئيسي: Видяйкин Ю. И.
اللغة:الروسية
منشور في: Москва, Металлургия, 1988
الموضوعات:
التنسيق: MixedMaterials كتاب
KOHA link:https://koha.lib.tpu.ru/cgi-bin/koha/opac-detail.pl?biblionumber=247592

MARC

LEADER 00000nam0a2200000 4500
001 247592
005 20231031212117.0
010 |a 522900438Х 
035 |a (RuTPU)RU\TPU\book\269152 
090 |a 247592 
100 |a 20140110d1988 km y0rusy50 ca 
101 0 |a rus 
102 |a RU 
105 |a a z 000zy 
200 1 |a Совершенствование нормативной базы оперативного планирования в сталеплавильных цехах  |f Ю. И. Видяйкин 
210 |a Москва  |c Металлургия  |d 1988 
215 |a 46 с.  |c ил. 
606 1 |a Сталеплавильные цехи  |2 stltpush  |3 (RuTPU)RU\TPU\subj\56232 
610 1 |a нормативная база 
610 1 |a планирование 
610 1 |a оперативное планирование 
610 1 |a металлургическое производство 
610 1 |a планы-графики 
610 1 |a стимулирование 
675 |a 669.18.013  |v 3 
700 1 |a Видяйкин  |b Ю. И. 
801 1 |a RU  |b 63413507  |c 20140110 
801 2 |a RU  |b 63413507  |c 20140418  |g RCR 
942 |c BK